[Event "BL2-West 2223"]
[Site "Germany"]
[Date "2023.03.19"]
[Round "10.5"]
[White "Helmer, Christoph"]
[Black "Krejci, Jan1111"]
[Result "0-1"]
[WhiteElo "2212"]
[BlackElo "2514"]
[PlyCount "74"]
[EventDate "2022.10.22"]
[EventType "team-tourn"]
[EventRounds "10"]
[EventCountry "GER"]
[SourceTitle "EXT 2024"]
[Source "ChessBase"]
[SourceDate "2023.10.10"]
[SourceVersion "1"]
[SourceVersionDate "2023.10.10"]
[SourceQuality "1"]
[WhiteTeam "Muelheim Nord II"]
[BlackTeam "Heimbach Weis/Neuwied"]
[WhiteTeamCountry "GER"]
[BlackTeamCountry "GER"]

1. e4 e5 2. Nf3 Nc6 3. Bb5 a6 4. Ba4 Nf6 5. 0-0 Be7 6. d3 b5 7. Bb3 d6 8. a3 0-0 9. Nc3 Rb8 10. Nd5 Nxd5 11. Bxd5 Qe8 12. c3 Bf6 13. d4 exd4 14. cxd4 Bg4 15. Be3 Bxf3 16. gxf3 Ne7 17. Bb3 Ng6 18. Kh1 Qe7 19. Rc1 c5 20. dxc5 Be5 21. Rg1 dxc5 22. Bxc5 Qh4 23. Rg3 Rfd8 24. Qe2 Nf4 25. Qf1 Nd3 26. Rh3 Qf6 27. Rc2 Nxc5 28. Rxc5 Rbc8 29. Qc1 Bxb2 30. Qc2 Rxc5 31. Qxc5 Bd4 32. Qh5 h6 33. Kg2 Bxf2 34. e5 Qf4 35. Kxf2 Qd4+ 36. Kg2 Qb2+ 37. Kg3 Qxb3 0-1

[Event "BL2-West 2223"]
[Site "Germany"]
[Date "2023.02.05"]
[Round "6.7"]
[White "Wickenfeld, Stefan"]
[Black "Helmer, Christoph"]
[Result "1/2-1/2"]
[WhiteElo "2173"]
[BlackElo "2207"]
[PlyCount "48"]
[EventDate "2022.10.22"]
[EventType "team-tourn"]
[EventRounds "10"]
[EventCountry "GER"]
[SourceTitle "EXT 2024"]
[Source "ChessBase"]
[SourceDate "2023.10.10"]
[SourceVersion "1"]
[SourceVersionDate "2023.10.10"]
[SourceQuality "1"]
[WhiteTeam "Solingen II"]
[BlackTeam "Muelheim Nord II"]
[WhiteTeamCountry "GER"]
[BlackTeamCountry "GER"]

1. d4 Nf6 2. Nf3 e6 3. g3 d5 4. Bg2 Be7 5. 0-0 b5 6. a4 b4 7. c4 bxc3 8. Nxc3 0-0 9. Ne5 Bb7 10. Qb3 Qc8 11. Bf4 c5 12. dxc5 Na6 13. c6 Bxc6 14. Nxc6 Qxc6 15. Rfc1 Nc5 16. Qa2 Qb6 17. a5 Qb4 18. Bd2 Qb3 19. Be3 Qxa2 20. Rxa2 Nb3 21. Rd1 a6 22. Bb6 Rac8 23. e3 Bb4 24. Bf1 Nd7 1/2-1/2

[Event "BL2-West 2223"]
[Site "Germany"]
[Date "2023.02.04"]
[Round "5.7"]
[White "Helmer, Christoph"]
[Black "Albrecht, Oliver"]
[Result "1-0"]
[WhiteElo "2207"]
[BlackElo "2174"]
[PlyCount "77"]
[EventDate "2022.10.22"]
[EventType "team-tourn"]
[EventRounds "10"]
[EventCountry "GER"]
[SourceTitle "EXT 2024"]
[Source "ChessBase"]
[SourceDate "2023.10.10"]
[SourceVersion "1"]
[SourceVersionDate "2023.10.10"]
[SourceQuality "1"]
[WhiteTeam "Muelheim Nord II"]
[BlackTeam "Siegburg"]
[WhiteTeamCountry "GER"]
[BlackTeamCountry "GER"]

1. e4 c5 2. Nf3 d6 3. d4 cxd4 4. Nxd4 Nf6 5. Nc3 a6 6. f3 e5 7. Nb3 Be6 8. Be3 Be7 9. Qd2 0-0 10. 0-0-0 Nbd7 11. g4 b5 12. g5 b4 13. Ne2 Ne8 14. f4 a5 15. f5 a4 16. fxe6 axb3 17. cxb3 fxe6 18. Bh3 Nc7 19. Kb1 Kh8 20. Rc1 d5 21. exd5 exd5 22. Rxc7 Qxc7 23. Qxd5 Nb6 24. Qe4 Ra6 25. Nc1 Qd6 26. Bf1 Ra5 27. Bd3 g6 28. h4 Kg7 29. h5 Rf5 30. hxg6 hxg6 31. Qh4 Kf7 32. Qh7+ Ke8 33. Bxf5 gxf5 34. Qg8+ Kd7 35. Rh6 Qd5 36. Qg6 Qe4+ 37. Ka1 Nc8 38. Qe6+ Kc7 39. Bb6+ 1-0

[Event "GER-ch NSV Online 1st"]
[Site "Playchess.com INT"]
[Date "2020.04.26"]
[Round "11"]
[White "Helmer, Christoph"]
[Black "Bargsten, Justus"]
[Result "1-0"]
[WhiteElo "2207"]
[BlackElo "2052"]
[PlyCount "117"]
[EventDate "2020.04.26"]
[EventType "swiss (blitz)"]
[EventRounds "13"]
[EventCountry "GER"]
[SourceTitle "CBM 196 Extra"]
[Source "ChessBase"]
[SourceDate "2020.07.31"]
[SourceVersion "1"]
[SourceVersionDate "2020.07.31"]
[SourceQuality "1"]

1. e4 e5 2. Nf3 Nc6 3. d4 exd4 4. Nxd4 Bc5 5. Nxc6 Qf6 6. Qf3 dxc6 7. Nc3 Qxf3 8. gxf3 Be6 9. Be3 Bb4 10. Rg1 g6 11. Bd4 f6 12. a3 Bd6 13. h4 Kf7 14. 0-0-0 Ne7 15. Be3 b5 16. f4 a5 17. Ne2 c5 18. Ng3 c4 19. h5 c3 20. Bxb5 Rab8 21. a4 cxb2+ 22. Kb1 Bb4 23. Bd2 c6 24. Bxb4 cxb5 25. Bxe7 Kxe7 26. axb5 Rxb5 27. Rd4 Ra8 28. Ra4 gxh5 29. f5 Bf7 30. Ne2 h4 31. Nd4 Rb6 32. Rh1 Be8 33. Ra2 Rb4 34. c3 Rc4 35. Kxb2 Rb8+ 36. Kc2 a4 37. Rxh4 Kd6 38. Ne2 Ke5 39. Kd3 Bb5 40. f4+ Kd6 41. Ke3 Rg8 42. Rxh7 Kc6 43. Nd4+ Kb6 44. Nxb5 Kxb5 45. Rb7+ Kc6 46. Kd3 Rxe4 47. Kxe4 Kxb7 48. Rxa4 Rc8 49. c4 Kc6 50. Ra6+ Kc5 51. Rxf6 Kxc4 52. Rd6 Rf8 53. Ke5 Kc5 54. Rd1 Rf7 55. Rc1+ Kb6 56. Ke6 Rf8 57. f6 Kb7 58. Ke7 Rh8 59. f7 1-0

[Event "GER-ch NSV Online 1st"]
[Site "Playchess.com INT"]
[Date "2020.04.26"]
[Round "12"]
[White "Helmer, Christoph"]
[Black "Graf, Lucas"]
[Result "1-0"]
[WhiteElo "2207"]
[BlackElo "1984"]
[PlyCount "199"]
[EventDate "2020.04.26"]
[EventType "swiss (blitz)"]
[EventRounds "13"]
[EventCountry "GER"]
[SourceTitle "CBM 196 Extra"]
[Source "ChessBase"]
[SourceDate "2020.07.31"]
[SourceVersion "1"]
[SourceVersionDate "2020.07.31"]
[SourceQuality "1"]

1. e4 c5 2. Nf3 d6 3. d4 cxd4 4. Nxd4 Nf6 5. Nc3 a6 6. Be2 e5 7. Nf3 Be7 8. Bg5 Nbd7 9. 0-0 0-0 10. a4 Qc7 11. Nd2 b6 12. Nc4 Bb7 13. Ne3 Rfe8 14. f3 Bf8 15. Bc4 Qc5 16. Kh1 h6 17. Bxf6 Nxf6 18. Qe2 g6 19. Rad1 h5 20. Bd5 Qc7 21. Bxb7 Qxb7 22. Ned5 Nxd5 23. Nxd5 Bg7 24. c3 b5 25. axb5 axb5 26. Ra1 Reb8 27. Qd3 Kh8 28. Nb4 Bf8 29. Qd5 Rxa1 30. Rxa1 Kg7 31. Qxb7 Rxb7 32. Kg1 Be7 33. Kf2 Bh4+ 34. g3 Bd8 35. Ra6 Bc7 36. Nd5 Bb8 37. Ke2 Kf8 38. Kd3 Ke8 39. b4 Kd7 40. c4 bxc4+ 41. Kxc4 Ba7 42. b5 Bc5 43. h3 f5 44. g4 fxg4 45. fxg4 hxg4 46. hxg4 g5 47. Ra8 Ke6 48. Rg8 Ra7 49. Rg6+ Kf7 50. Rxg5 Ra4+ 51. Kd3 Rd4+ 52. Kc3 Rxe4 53. b6 Ra4 54. Rh5 Kg7 55. Rh1 Bxb6 56. Nxb6 Rxg4 57. Nd5 Kf7 58. Rh6 Rd4 59. Rxd6 Kg7 60. Rd7+ Kg6 61. Ne7+ Kf6 62. Ra7 Kg5 63. Nc6 Rd5 64. Kc4 Rd1 65. Nxe5 Rc1+ 66. Kd5 Rd1+ 67. Ke6 Kf4 68. Ra4+ Ke3 69. Ng4+ Kf3 70. Kf5 Rb1 71. Ra3+ Ke2 72. Ne5 Rb8 73. Ke4 Rb4+ 74. Kd5 Rb5+ 75. Kd4 Rb4+ 76. Nc4 Rb8 77. Ke4 Re8+ 78. Ne5 Rb8 79. Ra2+ Kd1 80. Ke3 Rh8 81. Nf3 Re8+ 82. Kd3 Rd8+ 83. Nd4 Ke1 84. Ke3 Re8+ 85. Kf3 Rf8+ 86. Ke4 Re8+ 87. Kd3 Rd8 88. Rh2 Kf1 89. Ke3 Re8+ 90. Kf4 Rf8+ 91. Nf5 Kg1 92. Ra2 Rb8 93. Kf3 Rf8 94. Kg4 Rg8+ 95. Kf4 Rg2 96. Ra1+ Kh2 97. Nh4 Rf2+ 98. Nf3+ Kg2 99. Rg1+ Kh3 100. Rg3# 1-0

[Event "GER-ch NSV Online 1st"]
[Site "Playchess.com INT"]
[Date "2020.04.26"]
[Round "4"]
[White "Poschadel, Andreas Gregor"]
[Black "Helmer, Christoph"]
[Result "0-1"]
[WhiteElo "1946"]
[BlackElo "2207"]
[PlyCount "70"]
[EventDate "2020.04.26"]
[EventType "swiss (blitz)"]
[EventRounds "13"]
[EventCountry "GER"]
[SourceTitle "CBM 196 Extra"]
[Source "ChessBase"]
[SourceDate "2020.07.31"]
[SourceVersion "1"]
[SourceVersionDate "2020.07.31"]
[SourceQuality "1"]

1. e4 c5 2. Nc3 Nc6 3. Bb5 e6 4. Bxc6 bxc6 5. d3 Qc7 6. Nge2 Ne7 7. Bf4 d6 8. 0-0 Ng6 9. Bg3 h5 10. f4 f5 11. exf5 exf5 12. Re1 Kf7 13. d4 c4 14. d5 c5 15. Kh1 Be7 16. Rf1 Bf6 17. Ng1 h4 18. Be1 Bb7 19. h3 Rae8 20. Nf3 Nxf4 21. Nd2 g5 22. Nxc4 Ba6 23. b3 Bxc4 24. bxc4 Re3 25. Bd2 Rxc3 26. Bxc3 Bxc3 27. Rb1 Be5 28. Rb5 a6 29. Rb3 Rb8 30. Qf3 Rxb3 31. cxb3 Qa5 32. Rd1 Qxa2 33. Qf1 Kf6 34. Rb1 Ne2 35. Re1 Ng3+ 0-1

[Event "GER-ch Net Amateur Gr-A Final"]
[Site "Playchess.com INT"]
[Date "2020.04.18"]
[Round "3"]
[White "Frick, Christoph"]
[Black "Helmer, Christoph"]
[Result "0-1"]
[WhiteElo "2027"]
[BlackElo "2132"]
[PlyCount "88"]
[EventDate "2020.04.18"]
[EventType "swiss (blitz)"]
[EventRounds "13"]
[EventCountry "GER"]
[SourceTitle "CBM 195 Extra"]
[Source "ChessBase"]
[SourceDate "2020.05.31"]
[SourceVersion "1"]
[SourceVersionDate "2020.05.31"]
[SourceQuality "1"]

1. e4 c5 2. Nc3 Nc6 3. g3 g6 4. Bg2 Bg7 5. d3 d6 6. Nh3 h5 7. 0-0 h4 8. g4 Bd7 9. f3 f5 10. Nd5 e5 11. Bg5 Qc8 12. Nf2 Nce7 13. Nxe7 Nxe7 14. h3 Nc6 15. c3 f4 16. Qd2 Kf7 17. Rfd1 Be6 18. b3 b5 19. Rdc1 Qb7 20. Nd1 Rh7 21. Qe1 Rah8 22. Kh2 b4 23. cxb4 Nxb4 24. Nb2 Qa6 25. Bf1 Qb6 26. Nc4 Bxc4 27. dxc4 Nc6 28. Qc3 Nd4 29. Rd1 Rb8 30. Rd2 Ke6 31. Rad1 Rhh8 32. Kg2 Qb4 33. Qd3 a5 34. Qb1 a4 35. Rd3 Rb6 36. R1d2 Kd7 37. Be2 Ne6 38. Qd1 Nd4 39. Qb1 Qa5 40. Qe1 axb3 41. axb3 Rxb3 42. Bxh4 Rxd3 43. Bxd3 Rxh4 44. Qb1 Qxd2+ 0-1

[Event "GER-ch Net Amateur Gr-A Final"]
[Site "Playchess.com INT"]
[Date "2020.04.18"]
[Round "1"]
[White "Helmer, Christoph"]
[Black "Boder, Jan"]
[Result "0-1"]
[WhiteElo "2132"]
[BlackElo "2005"]
[PlyCount "140"]
[EventDate "2020.04.18"]
[EventType "swiss (blitz)"]
[EventRounds "13"]
[EventCountry "GER"]
[SourceTitle "CBM 195 Extra"]
[Source "ChessBase"]
[SourceDate "2020.05.31"]
[SourceVersion "1"]
[SourceVersionDate "2020.05.31"]
[SourceQuality "1"]

1. e4 c5 2. Nf3 g6 3. d4 cxd4 4. Nxd4 Nc6 5. c4 Nf6 6. Nc3 d6 7. f3 Nxd4 8. Qxd4 Bg7 9. Be3 0-0 10. Qd2 Be6 11. Rc1 Nd7 12. Be2 a5 13. b3 Nc5 14. 0-0 Qb6 15. Kh1 Qb4 16. Nb5 Qxd2 17. Bxd2 Rfc8 18. Rb1 f5 19. Be3 fxe4 20. Bxc5 Rxc5 21. fxe4 a4 22. b4 Re5 23. Nc7 Rc8 24. Nxe6 Rxe6 25. Bd3 Be5 26. g3 Kg7 27. Kg2 Rf6 28. Rxf6 exf6 29. b5 b6 30. Rb4 a3 31. Bc2 Bc3 32. Ra4 Bb2 33. Ra7+ Kg8 34. Kf3 Rf8 35. Bb3 Kh8 36. Rd7 Be5 37. h4 Rc8 38. g4 Rb8 39. h5 gxh5 40. gxh5 h6 41. Kg4 Rg8+ 42. Kf5 Rg5+ 43. Ke6 Bc3 44. Rxd6 Rxh5 45. Rxb6 Re5+ 46. Kd6 Rxe4 47. Rb7 Re8 48. c5 Bb4 49. Kd5 Re5+ 50. Kc4 Bxc5 51. Rc7 Bf2 52. Rc6 f5 53. b6 Re1 54. Rxh6+ Kg7 55. Rc6 Rc1+ 56. Kb5 Rxc6 57. Kxc6 Kf6 58. b7 Ba7 59. Kc7 f4 60. Bd5 Ke5 61. Bf3 Kd4 62. b8Q Bxb8+ 63. Kxb8 Kc3 64. Kc7 Kb2 65. Kd6 Kxa2 66. Ke5 Kb2 67. Bd5 f3 68. Bc4 f2 69. Kf4 a2 70. Bxa2 f1Q+ 0-1

[Event "GER-ch Net Amateur Gr-A Final"]
[Site "Playchess.com INT"]
[Date "2020.04.18"]
[Round "8"]
[White "Irkilmez, Yakub"]
[Black "Helmer, Christoph"]
[Result "1-0"]
[WhiteElo "2246"]
[BlackElo "2132"]
[PlyCount "47"]
[EventDate "2020.04.18"]
[EventType "swiss (blitz)"]
[EventRounds "13"]
[EventCountry "GER"]
[SourceTitle "CBM 195 Extra"]
[Source "ChessBase"]
[SourceDate "2020.05.31"]
[SourceVersion "1"]
[SourceVersionDate "2020.05.31"]
[SourceQuality "1"]

1. d4 Nf6 2. Bf4 d5 3. e3 c5 4. c3 Nc6 5. Nf3 e6 6. Nbd2 Nh5 7. Bg5 Qb6 8. dxc5 Qxb2 9. Nd4 Nf6 10. Nb5 Bxc5 11. Rb1 Qxa2 12. Nc7+ Kd7 13. Nxa8 b6 14. Bxf6 gxf6 15. Bb5 Bb7 16. Nc4 Ke7 17. Ra1 Qxa1 18. Qxa1 dxc4 19. Bxc6 Bxc6 20. Qxa7+ Kf8 21. Nxb6 Kg7 22. Qc7 Bxb6 23. Qxb6 Ra8 24. 0-0 1-0

[Event "GER-ch Net Amateur Gr-A Final"]
[Site "Playchess.com INT"]
[Date "2020.04.18"]
[Round "9"]
[White "Scheftlein, Richard"]
[Black "Helmer, Christoph"]
[Result "1/2-1/2"]
[WhiteElo "2157"]
[BlackElo "2132"]
[PlyCount "101"]
[EventDate "2020.04.18"]
[EventType "swiss (blitz)"]
[EventRounds "13"]
[EventCountry "GER"]
[SourceTitle "CBM 195 Extra"]
[Source "ChessBase"]
[SourceDate "2020.05.31"]
[SourceVersion "1"]
[SourceVersionDate "2020.05.31"]
[SourceQuality "1"]

1. d4 Nf6 2. c4 g6 3. Nc3 Bg7 4. Nf3 0-0 5. e4 d6 6. Be2 e5 7. Be3 c6 8. d5 c5 9. 0-0 a6 10. Ne1 Nbd7 11. a3 Ne8 12. Nd3 f5 13. exf5 gxf5 14. f4 Kh8 15. Kh1 Rb8 16. Qd2 b5 17. cxb5 e4 18. Nf2 axb5 19. b4 Nc7 20. Rac1 c4 21. g4 fxg4 22. Nfxe4 Nf6 23. Bd4 Bb7 24. Nxf6 Bxf6 25. Bxf6+ Qxf6 26. Bxg4 Ra8 27. Ra1 Rg8 28. Bh3 Rg7 29. Rf2 Rag8 30. Re1 Qh4 31. Bg2 Ne8 32. Ne4 Nc7 33. Ng5 Bxd5 34. Bxd5 Nxd5 35. Qd4 Rf8 36. Rg1 Nxf4 37. Qxg7+ Kxg7 38. Nf3+ Ng6 39. Nxh4 Rxf2 40. Nxg6 hxg6 41. Rd1 Ra2 42. Rxd6 Ra1+ 43. Kg2 Rxa3 44. Rb6 c3 45. Rxb5 c2 46. Rc5 Ra2 47. Kg3 Rb2 48. b5 Kf6 49. b6 Rb3+ 50. Kg2 Rb2 51. Kg3 1/2-1/2

[Event "GER-ch Net Amateur Gr-A Vor3"]
[Site "Playchess.com INT"]
[Date "2020.04.16"]
[Round "7"]
[White "Koellner, Christof"]
[Black "Helmer, Christoph"]
[Result "0-1"]
[WhiteElo "1978"]
[BlackElo "2133"]
[PlyCount "70"]
[EventDate "2020.04.16"]
[EventType "swiss (blitz)"]
[EventRounds "9"]
[EventCountry "GER"]
[SourceTitle "CBM 195 Extra"]
[Source "ChessBase"]
[SourceDate "2020.05.31"]
[SourceVersion "1"]
[SourceVersionDate "2020.05.31"]
[SourceQuality "1"]

1. d4 Nf6 2. Bg5 e6 3. e4 d5 4. e5 h6 5. Be3 Nfd7 6. Bd3 c5 7. c3 Nc6 8. Ne2 Qb6 9. 0-0 Qxb2 10. Nd2 Qb6 11. Rb1 Qc7 12. f4 g6 13. g4 h5 14. h3 hxg4 15. hxg4 b6 16. f5 gxf5 17. gxf5 Rg8+ 18. Kf2 Ndxe5 19. dxe5 Nxe5 20. Bb5+ Bd7 21. Bxd7+ Qxd7 22. Nf4 0-0-0 23. Nf3 Ng4+ 24. Ke2 Nxe3 25. Kxe3 Bh6 26. Ne5 Qc7 27. Ned3 e5 28. Qa4 exf4+ 29. Nxf4 Rde8+ 30. Kd3 Re4 31. Qa6+ Kb8 32. Nxd5 Qc6 33. Kxe4 Re8+ 34. Kd3 Qxd5+ 35. Kc2 Re2+ 0-1

[Event "GER-ch Net Amateur Gr-A Vor2"]
[Site "Playchess.com INT"]
[Date "2020.04.15"]
[Round "4"]
[White "Helmer, Christoph"]
[Black "Reimold, Dirk"]
[Result "1-0"]
[WhiteElo "2142"]
[BlackElo "1919"]
[PlyCount "153"]
[EventDate "2020.04.15"]
[EventType "swiss (blitz)"]
[EventRounds "9"]
[EventCountry "GER"]
[SourceTitle "CBM 196 Extra"]
[Source "ChessBase"]
[SourceDate "2020.07.31"]
[SourceVersion "1"]
[SourceVersionDate "2020.07.31"]
[SourceQuality "1"]

1. e4 c5 2. Nf3 Nc6 3. Bb5 d6 4. d4 cxd4 5. Qxd4 Bd7 6. Bxc6 Bxc6 7. Nc3 e5 8. Qd3 h6 9. Nd2 Nf6 10. Nc4 a6 11. Be3 b5 12. Nb6 Rb8 13. Nbd5 Bxd5 14. Nxd5 Nxd5 15. Qxd5 Qc7 16. c3 Be7 17. 0-0 0-0 18. Rfd1 Qb7 19. Qxb7 Rxb7 20. Rd5 f5 21. f3 fxe4 22. fxe4 Kf7 23. Rf1+ Ke6 24. Rxf8 Bxf8 25. Kf2 Be7 26. Ke2 Bd8 27. b3 Bb6 28. Bc1 Rc7 29. Ba3 Bc5 30. Bb2 Rf7 31. Rd2 Rf2+ 32. Ke1 Rf4 33. Re2 Rf7 34. Rd2 Rf4 35. Re2 Rf7 36. g3 h5 37. Rg2 g5 38. Bc1 g4 39. Re2 Rf3 40. Bd2 Ke7 41. Bg5+ Ke6 42. Kd2 Rf1 43. Re1 Rf2+ 44. Re2 Rf1 45. Kc2 Ra1 46. Kb2 Rf1 47. a4 Rf2 48. Rxf2 Bxf2 49. axb5 axb5 50. Kc2 Bg1 51. Bh4 Bxh2 52. c4 bxc4 53. bxc4 Bg1 54. Kb3 Bc5 55. Ka4 Bd4 56. Kb5 Be3 57. Kc6 Bf2 58. Kc7 Bc5 59. Kd8 Kf7 60. Kd7 Bb4 61. Be7 Bc5 62. Bh4 Bb4 63. Kd8 Bc5 64. Bg5 Bb4 65. Kc7 Bc5 66. Kc6 Ba3 67. Kd5 Bc5 68. Bc1 Bf2 69. Kxd6 Bxg3 70. c5 h4 71. c6 h3 72. c7 h2 73. c8Q h1Q 74. Qe6+ Kg7 75. Qxg4+ Kf7 76. Bg5 Qd1+ 77. Qxd1 1-0

[Event "GER-ch Net Amateur Gr-A Vor1"]
[Site "Playchess.com INT"]
[Date "2020.04.14"]
[Round "2"]
[White "Acikel, Mert"]
[Black "Helmer, Christoph"]
[Result "0-1"]
[WhiteElo "1732"]
[BlackElo "2085"]
[PlyCount "78"]
[EventDate "2020.04.14"]
[EventType "swiss (blitz)"]
[EventRounds "9"]
[EventCountry "GER"]
[SourceTitle "EXT 2021"]
[Source "ChessBase"]
[SourceDate "2020.10.23"]
[SourceVersion "1"]
[SourceVersionDate "2020.10.23"]
[SourceQuality "1"]

1. e4 c5 2. Nf3 d6 3. d4 cxd4 4. Nxd4 Nf6 5. Nc3 g6 6. Be2 Bg7 7. 0-0 0-0 8. Bg5 Nc6 9. Nb3 a6 10. f4 b5 11. Bf3 Bb7 12. Rb1 Rc8 13. Nd5 e6 14. Nxf6+ Bxf6 15. Bxf6 Qxf6 16. Qd2 Rfd8 17. c3 Qe7 18. Qf2 Qc7 19. Rbd1 Ne7 20. Rfe1 d5 21. e5 a5 22. Nd4 Ba6 23. Qh4 Nc6 24. Ne2 Qe7 25. Qg4 b4 26. Ng3 bxc3 27. Nh5 c2 28. Nf6+ Kg7 29. Qh4 h6 30. Rc1 Bd3 31. a3 Rb8 32. g4 Rh8 33. Kg2 Rxb2 34. Qf2 Qa7 35. Qd2 Qd4 36. Re3 Rb3 37. h3 Be4 38. Qxd4 Nxd4 39. Bxe4 Rxe3 0-1

[Event "GER-ch Net Amateur Gr-A Vor1"]
[Site "Playchess.com INT"]
[Date "2020.04.14"]
[Round "7"]
[White "Helmer, Christoph"]
[Black "Flach, Erich"]
[Result "1-0"]
[WhiteElo "2091"]
[BlackElo "2001"]
[PlyCount "51"]
[EventDate "2020.04.14"]
[EventType "swiss (blitz)"]
[EventRounds "9"]
[EventCountry "GER"]
[SourceTitle "EXT 2021"]
[Source "ChessBase"]
[SourceDate "2020.10.23"]
[SourceVersion "1"]
[SourceVersionDate "2020.10.23"]
[SourceQuality "1"]

1. e4 c5 2. Nf3 e6 3. d4 cxd4 4. Nxd4 a6 5. Nc3 Qc7 6. Bd3 Nf6 7. 0-0 d6 8. f4 Nbd7 9. Nb3 b5 10. a3 Bb7 11. Qe1 g6 12. Kh1 Bg7 13. Bd2 0-0 14. Qh4 Rfe8 15. Rae1 Rac8 16. Nd4 e5 17. fxe5 Rxe5 18. Nf3 Rh5 19. Qg3 Ne5 20. Nxe5 dxe5 21. Be2 Qd7 22. Bc1 Bxe4 23. Rxf6 Bxf6 24. Nxe4 Bg7 25. Bxh5 gxh5 26. Nf6+ 1-0

[Event "GER-ch Net blitz qual5"]
[Site "Playchess.com INT"]
[Date "2020.03.28"]
[Round "9"]
[White "Eilenberg, Jonas"]
[Black "Helmer, Christoph"]
[Result "1-0"]
[WhiteElo "2137"]
[BlackElo "2207"]
[PlyCount "73"]
[EventDate "2020.03.28"]
[EventType "swiss (blitz)"]
[EventRounds "13"]
[EventCountry "GER"]
[SourceTitle "CBM 195 Extra"]
[Source "ChessBase"]
[SourceDate "2020.05.31"]
[SourceVersion "1"]
[SourceVersionDate "2020.05.31"]
[SourceQuality "1"]

1. d4 Nf6 2. Nf3 g6 3. Nbd2 d5 4. b4 Bg7 5. e3 0-0 6. Be2 Bf5 7. Nh4 Be6 8. Nhf3 c6 9. a4 a5 10. b5 c5 11. dxc5 Ne4 12. Nxe4 Bxa1 13. Neg5 Bg4 14. 0-0 Bg7 15. h3 Bc8 16. c4 h6 17. Nxf7 Rxf7 18. cxd5 e6 19. dxe6 Rf8 20. Bc4 Qe7 21. Qd6 Re8 22. Nd4 Bxd4 23. Qxd4 Bxe6 24. Bxe6+ Qxe6 25. Bb2 Re7 26. Qh8+ Kf7 27. Qg7+ Ke8 28. Qh8+ Kf7 29. e4 Nc6 30. Qxa8 Nb4 31. Rd1 Qb3 32. Rd2 Nd3 33. Qh8 Nxb2 34. Rd8 Qxa4 35. Rf8+ Ke6 36. Qf6+ Kd7 37. Qd6# 1-0

[Event "GER-ch Net blitz qual3"]
[Site "Playchess.com INT"]
[Date "2020.03.21"]
[Round "6"]
[White "Helmer, Christoph"]
[Black "Frischmann, Rick"]
[Result "1-0"]
[WhiteElo "2207"]
[BlackElo "2335"]
[PlyCount "127"]
[EventDate "2020.03.21"]
[EventType "swiss (blitz)"]
[EventRounds "9"]
[EventCountry "GER"]
[SourceTitle "CBM 195 Extra"]
[Source "ChessBase"]
[SourceDate "2020.05.31"]
[SourceVersion "1"]
[SourceVersionDate "2020.05.31"]
[SourceQuality "1"]

1. e4 c6 2. d4 d5 3. Nd2 dxe4 4. Nxe4 Nf6 5. Nxf6+ exf6 6. c3 Bd6 7. Bd3 0-0 8. Qc2 Re8+ 9. Ne2 h5 10. Bd2 Be6 11. c4 Nd7 12. 0-0-0 Rc8 13. Kb1 Nf8 14. f4 b5 15. c5 Bc7 16. f5 Bd5 17. Nf4 Bxf4 18. Bxf4 a5 19. Rhe1 a4 20. Qd2 Qd7 21. h3 Rxe1 22. Rxe1 Re8 23. g4 hxg4 24. hxg4 g6 25. g5 gxf5 26. gxf6 Ng6 27. Be5 f4 28. Bxg6 fxg6 29. Qxf4 Kf7 30. Qh6 Qf5+ 31. Ka1 Ke6 32. Qg7 Be4 33. f7 Qxf7 34. Qxf7+ Kxf7 35. Rxe4 g5 36. a3 Kg6 37. Kb1 Kf5 38. Re3 g4 39. Kc2 Re7 40. Kd3 Rh7 41. Bd6 Rh1 42. Re5+ Kf6 43. Re2 Rh3+ 44. Ke4 Ke6 45. Rg2 Rb3 46. Be5 Kd7 47. Kf4 Ke6 48. Kxg4 Kd5 49. Kf4 b4 50. axb4 Rxb4 51. Kf5 Rb3 52. Rf2 a3 53. bxa3 Rxa3 54. Rg2 Rf3+ 55. Kg4 Re3 56. Kf4 Re1 57. Rf2 Re4+ 58. Kf5 Re1 59. Kf6 Re4 60. Rf5 Rg4 61. Ke7 Re4 62. Kd7 Rg4 63. Rh5 Re4 64. Bh8+ 1-0

[Event "GER-ch Net blitz qual1"]
[Site "Playchess.com INT"]
[Date "2020.03.07"]
[Round "4"]
[White "Helmer, Christoph"]
[Black "Leibbrand, Udo Manfred"]
[Result "1-0"]
[WhiteElo "2207"]
[BlackElo "2049"]
[PlyCount "105"]
[EventDate "2020.03.07"]
[EventType "swiss (blitz)"]
[EventRounds "9"]
[EventCountry "GER"]
[SourceTitle "CBM 195 Extra"]
[Source "ChessBase"]
[SourceDate "2020.05.31"]
[SourceVersion "1"]
[SourceVersionDate "2020.05.31"]
[SourceQuality "1"]

1. e4 e5 2. Nf3 Nc6 3. Bb5 Nf6 4. 0-0 Nxe4 5. d4 Nd6 6. Bxc6 dxc6 7. dxe5 Nf5 8. Qxd8+ Kxd8 9. h3 Ke8 10. Nc3 a5 11. a4 h5 12. Bf4 Be6 13. Ng5 Bd5 14. Nxd5 cxd5 15. Rfe1 Be7 16. Rad1 Bxg5 17. Bxg5 c6 18. g3 Kd7 19. Kg2 Rae8 20. Bc1 g6 21. f4 Re6 22. g4 Ng7 23. c4 Ke7 24. cxd5 cxd5 25. Rxd5 Rc8 26. Be3 Rc2+ 27. Rd2 Rxd2+ 28. Bxd2 b6 29. Rc1 Kd7 30. Be3 Rc6 31. Rxc6 Kxc6 32. Kf3 Ne6 33. f5 hxg4+ 34. hxg4 gxf5 35. gxf5 Nc7 36. Ke4 b5 37. axb5+ Nxb5 38. Bd2 a4 39. Bb4 Kd7 40. Kd5 Na7 41. Bc5 Nc8 42. Kc4 Kc6 43. e6 fxe6 44. fxe6 Nd6+ 45. Bxd6 Kxd6 46. Kb4 Kxe6 47. Kxa4 Kd6 48. Kb5 Kc7 49. Ka6 Kb8 50. Kb6 Ka8 51. b4 Kb8 52. b5 Ka8 53. Kc7 1-0